00481nam a2200193 a 4500001001300000003000900013005001700022008004100039020002300080082001300103100001700116245002800133260003000161300000900191500003500200505001300235650002200248700001700270nice12345678IN_TiNIC20260116012946.0050524s1973 u sa grp 000 0 eng  a0882079 c10000a253bGET aGetz, Gene A aBuilding Up One Another aU S AbVictor Booksc1973 a120p aincludes index and biblioraphy2 aAppendex aPastoral Theology1 aGetz, Gene A